书目信息 |
| 题名: |
中国古代著名哲学家评传
|
|
| 作者: | 赵宗正 , 李曦 , 方立天 编 | |
| 分册: | 2 | |
| 出版信息: | 济南 齐鲁书社 1980-1982 |
|
| 页数: | 8册 | |
| 开本: | 20cm | |
| 丛书名: | ||
| 单 册: | ||
| 中图分类: | B2 | |
| 科图分类: | ||
| 主题词: | ||
| 电子资源: | ||
| ISBN: | 2206.6 | |
| 000 | 01330nam0 2200337 450 | |
| 001 | 000363304 | |
| 005 | 20120905085610.0 | |
| 010 | @a2206.6@dCNY2.90 | |
| 091 | @a2206.6@b精装 ; 第一卷@dCNY2.90 | |
| 091 | @a2206.8@b精装 ; 第二卷@dCNY3.40 | |
| 091 | @a2206.9@b精装 ; 第三卷@dCNY5.15 (全二册) | |
| 091 | @a2206.12@b精装 ; 续编一@dCNY2.40 | |
| 091 | @a2206.14@b精装 ; 续编二@dCNY2.30 | |
| 091 | @a2206.14@b精装 ; 续编三@dCNY2.80 | |
| 091 | @a2206.24@b精装 ; 续编四@dCNY3.35 | |
| 100 | @a20120905g19801982em y0chiy0121 ea | |
| 101 | 0 | @achi |
| 102 | @aCN@b370000 | |
| 105 | @aa z 001yy | |
| 106 | @ar | |
| 200 | 1 | @a中国古代著名哲学家评传@9Zhong Guo Gu Dai Zhu;Zhuo Ming Zhe Xue Jia;Jie Ping Chuan;Zhuan @f赵宗正 … [等] 编@h2 |
| 210 | @a济南@c齐鲁书社@d1980-1982 | |
| 215 | @a8册@c图@d20cm | |
| 320 | @a有索引 | |
| 327 | 1 | @a第一卷: 先秦部分 / 辛冠洁, 李曦编.@a第二卷: 两汉魏晋南北朝隋唐部分 / 方立夫, 于首奎编.@a第三卷: 宋元明清部分 / 张立文, 默明哲编.@a续编一: 先秦两汉部分 / 方立天, 于首奎编.@a续编二: 魏晋南北朝部分 / 方立天, 于首奎编.@a续编三: 唐宋元部分 / 赵宗正等编.@a续编四: 赵宗正, 李曦编 |
| 690 | @aB2@v2 | |
| 701 | 0 | @a赵宗正@9zhao zong zheng@4编 |
| 701 | 0 | @a李曦@9li xi@4编 |
| 701 | 0 | @a方立天@9fang li tian@4编 |
| 801 | 0 | @aCN@bAzMarc@c20130904 |
| 905 | @aBZT@dB2@e117:2@f1@sB2/117:2 | |
| 中国古代著名哲学家评传/赵宗正 … [等] 编.2.-济南:齐鲁书社,1980-1982 |
| 8册:图;20cm |
| 部分内容:第一卷: 先秦部分 / 辛冠洁, 李曦编.;第二卷: 两汉魏晋南北朝隋唐部分 / 方立夫, 于首奎编.;第三卷: 宋元明清部分 / 张立文, 默明哲编.;续编一: 先秦两汉部分 / 方立天, 于首奎编.;续编二: 魏晋南北朝部分 / 方立天, 于首奎编.;续编三: 唐宋元部分 / 赵宗正等编.;续编四: 赵宗正, 李曦编 |
| ISBN 2206.6:CNY2.90 |
| ● |
| 相关链接 |
|
|
|
正题名:中国古代著名哲学家评传
索取号:B2/117:2
 
预约/预借
| 序号 | 登录号 | 条形码 | 馆藏地/架位号 | 状态 | 备注 |
| 1 | 2000115489 | 2000115489 | 旧书回溯/ [索取号:B2/117:2] | 在馆 |